[Event "CAN-op"]
[Site "Winnipeg CAN"]
[Date "1997.07.18"]
[Round "8"]
[White "Gardner, Robert"]
[Black "Kurlyandchik, Evgeni"]
[Result "0-1"]
[WhiteElo "2305"]
[BlackElo "2100"]
[PlyCount "130"]
[GameId "2160767911932723"]
[EventDate "1997.07.12"]
[EventType "swiss"]
[EventRounds "10"]
[EventCountry "CAN"]
[SourceTitle "EXP 60"]
[Source "ChessBase"]
[SourceDate "1997.11.24"]
[SourceVersion "1"]
[SourceVersionDate "1997.11.24"]
[SourceQuality "1"]

1. e4 e5 2. Nf3 Nc6 3. Bb5 a6 4. Ba4 Nf6 5. d3 b5 6. Bb3 Bc5 7. O-O d6 8. c3 Bb7 9. Re1 O-O 10. Nbd2 h6 11. Nf1 Bb6 12. Ng3 Ne7 13. Nh4 Bc8 14. Ngf5 Nxf5 15. Nxf5 Bxf5 16. exf5 Qd7 17. Qf3 Rae8 18. g4 d5 19. Qg3 e4 20. d4 c6 21. Bf4 Rc8 22. Kh1 Bc7 23. Be5 Rfe8 24. Bc2 Qe7 25. f4 Nh7 26. h4 f6 27. Bxc7 Rxc7 28. Rg1 Qd7 29. Bd1 Re7 30. Be2 Qe8 31. g5 Kh8 32. Qh3 e3 33. gxh6 gxh6 34. Rg6 Rg7 35. Bd3 Rxg6 36. fxg6 Nf8 37. h5 Re7 38. Be2 Re4 39. Qf5 Qe6 40. Qxe6 Nxe6 41. f5 Nf4 42. Bf3 Re8 43. Kg1 e2 44. Re1 Nd3 45. Rxe2 Rxe2 46. Bxe2 Nxb2 47. Kf2 Na4 48. Bd3 Nxc3 49. a3 a5 50. Ke3 Kg7 51. Bc2 a4 52. Kd3 Ne4 53. Bd1 Nd6 54. Kc3 Nxf5 55. Bg4 Ne7 56. Bd7 f5 57. Kb4 f4 58. Bg4 Ng8 59. Bf3 Nf6 60. Kc3 Ne4+ 61. Kc2 Ng5 62. Bg4 f3 63. Kd3 f2 64. Ke2 b4 65. Bf5 Ne4 0-1

[Event "CAN-op"]
[Site "Winnipeg CAN"]
[Date "1997.07.18"]
[Round "8"]
[White "Gofshtein, Leonid"]
[Black "Shabalov, Alexander"]
[Result "0-1"]
[WhiteElo "2545"]
[BlackElo "2585"]
[PlyCount "58"]
[GameId "2160767911932725"]
[EventDate "1997.07.12"]
[EventType "swiss"]
[EventRounds "10"]
[EventCountry "CAN"]
[SourceTitle "CBM 060 Extra"]
[Source "ChessBase"]
[SourceDate "1997.11.04"]
[SourceVersion "1"]
[SourceVersionDate "1997.11.04"]
[SourceQuality "1"]

1. e4 c5 2. Nf3 Nc6 3. d4 cxd4 4. Nxd4 e5 5. Nb5 d6 6. c4 Be7 7. b3 f5 8. exf5 Bxf5 9. Be2 Nf6 10. O-O O-O 11. Be3 Kh8 12. f4 exf4 13. Rxf4 Ne4 14. Qc1 Bf6 15. N1c3 Nxc3 16. Nxc3 Be5 17. Rf3 Qa5 18. Bf4 Nd4 19. Bxe5 dxe5 20. Rf2 Bg6 21. Bf3 e4 22. Nxe4 Bxe4 23. Bxe4 Rxf2 24. Kxf2 Rf8+ 25. Bf3 Qh5 26. Qc3 Nxf3 27. gxf3 Qxh2+ 28. Kf1 Qg3 29. Ke2 Qg2+ 0-1

[Event "CAN-op"]
[Site "Winnipeg CAN"]
[Date "1997.07.18"]
[Round "8"]
[White "Gottlieb, Jonathan"]
[Black "Baragar, Fletcher"]
[Result "0-1"]
[WhiteElo "2036"]
[BlackElo "2371"]
[PlyCount "100"]
[GameId "2160767911932726"]
[EventDate "1997.07.12"]
[EventType "swiss"]
[EventRounds "10"]
[EventCountry "CAN"]
[SourceTitle "EXP 60"]
[Source "ChessBase"]
[SourceDate "1997.11.24"]
[SourceVersion "1"]
[SourceVersionDate "1997.11.24"]
[SourceQuality "1"]

1. e4 c5 2. Nf3 Nc6 3. d4 cxd4 4. Nxd4 Nf6 5. Nc3 d6 6. Bg5 e6 7. Qd2 a6 8. O-O-O h6 9. Be3 Be7 10. f3 Nxd4 11. Bxd4 b5 12. g4 Rb8 13. Bd3 b4 14. Nb1 e5 15. Be3 Be6 16. b3 d5 17. Qg2 d4 18. Bd2 Nd7 19. Kb2 Nc5 20. h4 Qa5 21. Qe2 O-O 22. Rdg1 Rfc8 23. g5 Nxd3+ 24. Qxd3 h5 25. g6 f6 26. f4 Rc3 27. Bxc3 bxc3+ 28. Ka1 Ba3 29. Nxc3 Qxc3+ 30. Qxc3 dxc3 31. f5 Bd7 32. Rd1 Bc6 33. Rhe1 Bc5 34. Kb1 Kf8 35. Re2 Ke7 36. Kc1 Rb4 37. Rde1 Rd4 38. a4 Bb4 39. Re3 Rd2 40. R3e2 Kd6 41. Re3 Kc5 42. Rd3 Rh2 43. Rd8 Bxe4 44. Rc8+ Kb6 45. Rb8+ Ka5 46. Rxb4 Rxc2+ 47. Kb1 Rb2+ 48. Ka1 Kxb4 49. a5 Kxb3 50. Rxe4 Ra2+ 0-1

[Event "CAN-op"]
[Site "Winnipeg CAN"]
[Date "1997.07.18"]
[Round "8"]
[White "Grant, Carl"]
[Black "Brown, Rod"]
[Result "0-1"]
[WhiteElo "2125"]
[BlackElo "2124"]
[PlyCount "64"]
[GameId "2160767911932727"]
[EventDate "1997.07.12"]
[EventType "swiss"]
[EventRounds "10"]
[EventCountry "CAN"]
[SourceTitle "EXP 60"]
[Source "ChessBase"]
[SourceDate "1997.11.24"]
[SourceVersion "1"]
[SourceVersionDate "1997.11.24"]
[SourceQuality "1"]

1. c4 Nf6 2. Nc3 e6 3. e4 Bb4 4. e5 Ng8 5. Qg4 g6 6. d4 Nc6 7. Nf3 f5 8. Qf4 Bf8 9. Be3 Bh6 10. Qg3 Bxe3 11. fxe3 Nh6 12. Qf4 Nf7 13. h4 d6 14. O-O-O dxe5 15. dxe5 Qe7 16. Nb5 a6 17. Nbd4 Bd7 18. Be2 O-O-O 19. Nb3 h6 20. e4 g5 21. hxg5 hxg5 22. Qe3 Rxh1 23. Rxh1 g4 24. Nfd4 Nfxe5 25. Nxc6 Nxc6 26. exf5 exf5 27. Qxe7 Nxe7 28. Rh7 Re8 29. Bd3 Kd8 30. Rf7 Rh8 31. Nd4 Ke8 32. Rf6 Ng8 0-1

[Event "CAN-op"]
[Site "Winnipeg CAN"]
[Date "1997.07.18"]
[Round "8"]
[White "Kaptsan, Aron"]
[Black "Ottosen, David"]
[Result "1-0"]
[WhiteElo "2227"]
[BlackElo "2040"]
[PlyCount "153"]
[GameId "2160767911932730"]
[EventDate "1997.07.12"]
[EventType "swiss"]
[EventRounds "10"]
[EventCountry "CAN"]
[SourceTitle "EXP 60"]
[Source "ChessBase"]
[SourceDate "1997.11.24"]
[SourceVersion "1"]
[SourceVersionDate "1997.11.24"]
[SourceQuality "1"]

1. d4 d5 2. c4 c6 3. Nf3 Nf6 4. e3 e6 5. Bd3 Nbd7 6. Nbd2 Bd6 7. O-O O-O 8. e4 dxe4 9. Nxe4 Nxe4 10. Bxe4 e5 11. dxe5 Nxe5 12. Nxe5 Bxe5 13. Bxh7+ Kxh7 14. Qh5+ Kg8 15. Qxe5 Re8 16. Qc3 Qh4 17. Be3 Be6 18. b3 a5 19. Rad1 b5 20. Rd4 Qf6 21. cxb5 cxb5 22. Qd3 a4 23. bxa4 Bc4 24. Rxc4 bxc4 25. Qxc4 Qa6 26. Qxa6 Rxa6 27. Bc5 Rxa4 28. a3 Rea8 29. Re1 Rxa3 30. Bxa3 Rxa3 31. g3 Ra7 32. Kg2 Kh7 33. Re5 Kg6 34. h4 f6 35. Rb5 Rc7 36. g4 Ra7 37. Kg3 Rc7 38. Rb6 Kf7 39. h5 Ra7 40. f4 Rc7 41. Kh4 Ra7 42. Rb8 Ra4 43. f5 Rc4 44. Rh8 Rc1 45. Ra8 Rc4 46. Ra7+ Kf8 47. h6 gxh6 48. Rh7 Rc1 49. Kh5 Rg1 50. Kg6 Rxg4+ 51. Kxf6 Kg8 52. Rxh6 Ra4 53. Kg5 Kf7 54. Rb6 Ra7 55. Rf6+ Kg7 56. Rg6+ Kf7 57. Rh6 Ra4 58. Rh7+ Kg8 59. Re7 Kf8 60. Kf6 Rh4 61. Rf7+ Ke8 62. Ra7 Rh6+ 63. Kg7 Rh1 64. Ra8+ Kd7 65. Kf7 Rh7+ 66. Kg6 Rh1 67. f6 Ke6 68. Re8+ Kd7 69. Re2 Rg1+ 70. Kf7 Rg3 71. Rd2+ Kc8 72. Ke7 Re3+ 73. Kf8 Rg3 74. f7 Rg1 75. Rd4 Rg2 76. Ke7 Re2+ 77. Kf6 1-0

[Event "CAN-op"]
[Site "Winnipeg CAN"]
[Date "1997.07.18"]
[Round "8"]
[White "Khedkar, Jay"]
[Black "Fielding, Gerald"]
[Result "0-1"]
[WhiteElo "2001"]
[BlackElo "2213"]
[PlyCount "75"]
[GameId "2160767911932731"]
[EventDate "1997.07.12"]
[EventType "swiss"]
[EventRounds "10"]
[EventCountry "CAN"]
[SourceTitle "EXP 60"]
[Source "ChessBase"]
[SourceDate "1997.11.24"]
[SourceVersion "1"]
[SourceVersionDate "1997.11.24"]
[SourceQuality "1"]

1. e4 c5 2. Nf3 Nc6 3. d4 cxd4 4. Nxd4 e6 5. Nb5 d6 6. c4 Nf6 7. N1c3 a6 8. Nd4 Be7 9. Be2 O-O 10. Be3 Bd7 11. O-O Qc7 12. Rc1 Rac8 13. Qd2 Qb8 14. f3 Nxd4 15. Bxd4 Bc6 16. Rfd1 Rfd8 17. Bb6 Re8 18. Be3 b5 19. a3 Red8 20. cxb5 axb5 21. b4 d5 22. exd5 Nxd5 23. Nxd5 Rxd5 24. Qe1 Bd6 25. g3 Rxd1 26. Bxd1 h5 27. Bc5 Be5 28. Qe3 h4 29. f4 Bf6 30. g4 Qa8 31. Rc2 Rd8 32. Be2 Be4 33. Rd2 Rxd2 34. Qxd2 Qxa3 35. g5 Qh3 36. Bf1 Qg4+ 37. Kf2 Qf3+ 38. Ke1 0-1

[Event "CAN-op"]
[Site "Winnipeg CAN"]
[Date "1997.07.18"]
[Round "8"]
[White "Kirton, Dale"]
[Black "Taylor, Gordon"]
[Result "1/2-1/2"]
[WhiteElo "2240"]
[BlackElo "2394"]
[PlyCount "71"]
[GameId "2160767911932732"]
[EventDate "1997.07.12"]
[EventType "swiss"]
[EventRounds "10"]
[EventCountry "CAN"]
[SourceTitle "EXP 60"]
[Source "ChessBase"]
[SourceDate "1997.11.24"]
[SourceVersion "1"]
[SourceVersionDate "1997.11.24"]
[SourceQuality "1"]

1. d4 Nf6 2. c4 e6 3. Nc3 Bb4 4. e3 c5 5. Nge2 cxd4 6. exd4 d5 7. a3 Be7 8. Nf4 O-O 9. Be3 Nc6 10. cxd5 Nxd5 11. Ncxd5 exd5 12. Be2 Qd6 13. O-O Be6 14. b4 g6 15. Qd2 Bf6 16. Bf3 Rac8 17. Ne2 Rfe8 18. Rfd1 Qd7 19. Nf4 Ne7 20. Nd3 b6 21. Ne5 Qa4 22. Rdc1 Rxc1+ 23. Qxc1 Rc8 24. Qe1 Qb3 25. Bg4 Bxe5 26. Bxe6 fxe6 27. dxe5 Nf5 28. Rc1 Rc2 29. g4 Nxe3 30. fxe3 Rc4 31. Rxc4 Qxc4 32. Qh4 Qc1+ 33. Kf2 Qb2+ 34. Kf3 Qxe5 35. Qd8+ Kf7 36. Qd7+ 1/2-1/2

[Event "CAN-op"]
[Site "Winnipeg CAN"]
[Date "1997.07.18"]
[Round "8"]
[White "Kollar, Frank"]
[Black "Castaneda, Nelson"]
[Result "0-1"]
[WhiteElo "2157"]
[BlackElo "2382"]
[PlyCount "80"]
[GameId "2160767911932733"]
[EventDate "1997.07.12"]
[EventType "swiss"]
[EventRounds "10"]
[EventCountry "CAN"]
[SourceTitle "EXP 60"]
[Source "ChessBase"]
[SourceDate "1997.11.24"]
[SourceVersion "1"]
[SourceVersionDate "1997.11.24"]
[SourceQuality "1"]

1. e4 c5 2. Nc3 Nc6 3. f4 g6 4. Nf3 Bg7 5. Bb5 Nd4 6. Nxd4 cxd4 7. Ne2 Qb6 8. Bd3 d6 9. O-O Nf6 10. Kh1 Bd7 11. c3 dxc3 12. dxc3 O-O 13. Nd4 e5 14. fxe5 dxe5 15. Nf3 Qc7 16. Qe2 Bc6 17. Bg5 Rae8 18. Qe3 b6 19. Ng1 Re6 20. h3 Qb7 21. Rae1 Rd6 22. Bc2 Nh5 23. Ne2 f6 24. Bh4 f5 25. Ng1 Bf6 26. Bxf6 Rdxf6 27. Kh2 f4 28. Qd3 Qe7 29. Rd1 Ng3 30. Rfe1 Kh8 31. Qf3 Nf5 32. Bb3 Ne3 33. Rd2 Rd6 34. Rxd6 Qxd6 35. Re2 Kg7 36. a3 Qd3 37. Bd5 Bxd5 38. exd5 e4 39. Qf2 Qxd5 40. Rd2 Qxd2 0-1

[Event "CAN-op"]
[Site "Winnipeg CAN"]
[Date "1997.07.18"]
[Round "8"]
[White "Lauritson, Jim"]
[Black "Quiring, John"]
[Result "0-1"]
[WhiteElo "2073"]
[BlackElo "1959"]
[PlyCount "114"]
[GameId "2160767911932734"]
[EventDate "1997.07.12"]
[EventType "swiss"]
[EventRounds "10"]
[EventCountry "CAN"]
[SourceTitle "EXP 60"]
[Source "ChessBase"]
[SourceDate "1997.11.24"]
[SourceVersion "1"]
[SourceVersionDate "1997.11.24"]
[SourceQuality "1"]

1. e4 e5 2. Bc4 Nf6 3. d3 Bc5 4. Nf3 d6 5. h3 O-O 6. Bg5 Be6 7. Nbd2 c6 8. Bb3 Nbd7 9. O-O Qc7 10. Re1 Qb6 11. Qe2 a5 12. a4 Nh5 13. Be3 Nf4 14. Bxf4 exf4 15. Ng5 Bxb3 16. Nxb3 Qd8 17. Nxc5 Nxc5 18. Qg4 Qf6 19. b3 Ne6 20. Nf3 Qc3 21. Rac1 b5 22. axb5 cxb5 23. Qf5 Rfb8 24. Qd5 Qc7 25. e5 dxe5 26. Nxe5 a4 27. Nxf7 Qxf7 28. Qxe6 axb3 29. cxb3 Qxe6 30. Rxe6 Re8 31. Rxe8+ Rxe8 32. Kf1 Re5 33. d4 Re4 34. Rd1 Kf7 35. Rd2 Ke6 36. d5+ Kd6 37. Rd3 g5 38. f3 Re5 39. Kf2 Rxd5 40. Rc3 Rd2+ 41. Kf1 Rd1+ 42. Ke2 Rg1 43. Kf2 Rb1 44. Rd3+ Kc6 45. Ke2 Rb2+ 46. Kf1 b4 47. Kg1 Rc2 48. Rd4 Kc5 49. Rd7 Rc3 50. Rxh7 Rxb3 51. Rg7 Rd3 52. Rxg5+ Rd5 53. Rg4 b3 54. Rg8 Kc4 55. Rc8+ Rc5 56. Re8 b2 57. Re1 Kb3 0-1

[Event "CAN-op"]
[Site "Winnipeg CAN"]
[Date "1997.07.18"]
[Round "8"]
[White "Murey, Jacob"]
[Black "Sasata, Robert"]
[Result "1-0"]
[WhiteElo "2440"]
[BlackElo "2317"]
[PlyCount "81"]
[GameId "2160767911932735"]
[EventDate "1997.07.12"]
[EventType "swiss"]
[EventRounds "10"]
[EventCountry "CAN"]
[SourceTitle "EXP 60"]
[Source "ChessBase"]
[SourceDate "1997.11.24"]
[SourceVersion "1"]
[SourceVersionDate "1997.11.24"]
[SourceQuality "1"]

1. e4 e5 2. Nf3 Nc6 3. Bb5 f5 4. Nc3 fxe4 5. Nxe4 d5 6. Ng3 Bg4 7. h3 Bxf3 8. Qxf3 Nf6 9. d3 Qd6 10. O-O O-O-O 11. Nf5 Qe6 12. Bxc6 Qxc6 13. c3 g6 14. Nh6 Qe6 15. Bg5 Bg7 16. Rae1 Rde8 17. Qe3 Kb8 18. f4 e4 19. f5 Qc6 20. d4 Rhf8 21. Rf2 gxf5 22. Nxf5 Bh8 23. Ref1 a5 24. Qf4 a4 25. a3 e3 26. Nxe3 Ne4 27. Qxf8 Rxf8 28. Rxf8+ Ka7 29. Bf4 Bg7 30. Rd8 Nxc3 31. bxc3 Qxc3 32. Nxd5 Bxd4+ 33. Kh2 Qd3 34. Rf3 Qd1 35. Ne3 Qa1 36. Rf1 Qc3 37. Nd1 Qd3 38. Rxd4 Qxf1 39. Rxa4+ Kb8 40. Ne3 Qb5 41. Rc4 1-0

[Event "CAN-op"]
[Site "Winnipeg CAN"]
[Date "1997.07.18"]
[Round "8"]
[White "Neven, Knut"]
[Black "Yoos, John"]
[Result "1/2-1/2"]
[WhiteElo "2235"]
[BlackElo "2365"]
[PlyCount "97"]
[GameId "2160767911932736"]
[EventDate "1997.07.12"]
[EventType "swiss"]
[EventRounds "10"]
[EventCountry "CAN"]
[SourceTitle "CBM 060 Extra"]
[Source "ChessBase"]
[SourceDate "1997.11.04"]
[SourceVersion "1"]
[SourceVersionDate "1997.11.04"]
[SourceQuality "1"]

1. d4 g6 2. c4 Nf6 3. g3 Bg7 4. Bg2 O-O 5. Nc3 d6 6. e3 Nc6 7. Nge2 e5 8. O-O Bd7 9. b3 Qc8 10. Ba3 Bh3 11. dxe5 Nxe5 12. Nf4 Bxg2 13. Kxg2 Re8 14. Rc1 g5 15. Nh5 Nxh5 16. Qxh5 Re6 17. Qxg5 Rg6 18. Qe7 Bf8 19. Nd5 c6 20. Bxd6 cxd5 21. Qxf8+ Qxf8 22. Bxf8 Kxf8 23. cxd5 Rd8 24. e4 Ra6 25. a4 Rb6 26. f4 Ng4 27. Rf3 Nf6 28. Re3 Rb4 29. Rc4 Rxc4 30. bxc4 Rc8 31. e5 Ng4 32. Rb3 b6 33. h3 Nh6 34. Rc3 Nf5 35. Kf3 Ne7 36. Ke4 Rc5 37. Kd4 Nf5+ 38. Ke4 Ne7 39. Kd4 Ke8 40. g4 Kd7 41. f5 Ra5 42. Ra3 h6 43. h4 Ke8 44. f6 Ng6 45. h5 Nf8 46. Kc3 Nh7 47. Kb4 Ng5 48. Re3 Rc5 49. Kc3 1/2-1/2

[Event "CAN-op"]
[Site "Winnipeg CAN"]
[Date "1997.07.18"]
[Round "8"]
[White "Nickoloff, Bryon"]
[Black "Baquero, Luis"]
[Result "1-0"]
[WhiteElo "2400"]
[BlackElo "2365"]
[PlyCount "67"]
[GameId "2160767911932737"]
[EventDate "1997.07.12"]
[EventType "swiss"]
[EventRounds "10"]
[EventCountry "CAN"]
[SourceTitle "CBM 060 Extra"]
[Source "ChessBase"]
[SourceDate "1997.11.04"]
[SourceVersion "1"]
[SourceVersionDate "1997.11.04"]
[SourceQuality "1"]

1. d4 Nf6 2. c4 g6 3. Nc3 d5 4. cxd5 Nxd5 5. e4 Nxc3 6. bxc3 Bg7 7. Bc4 c5 8. Ne2 O-O 9. Be3 Nc6 10. O-O Bg4 11. f3 Na5 12. Bxf7+ Rxf7 13. fxg4 Rxf1+ 14. Kxf1 cxd4 15. cxd4 e5 16. d5 Nc4 17. Bf2 Bh6 18. Qd3 Rc8 19. Kg1 b6 20. Kh1 Qd7 21. h3 Nd6 22. Be3 Bxe3 23. Qxe3 Rc4 24. Ng3 Qc7 25. Rf1 Rc3 26. Qf2 Qf7 27. Qb2 Qc7 28. Ne2 Rc2 29. Qxe5 Rxe2 30. Qe6+ Nf7 31. d6 Qxd6 32. Qxf7+ Kh8 33. Qe8+ Kg7 34. g5 1-0

[Event "CAN-op"]
[Site "Winnipeg CAN"]
[Date "1997.07.18"]
[Round "8"]
[White "Orobko, Evan"]
[Black "Strojevs, Alexander"]
[Result "1/2-1/2"]
[WhiteElo "1458"]
[BlackElo "1792"]
[PlyCount "93"]
[GameId "2160767911932738"]
[EventDate "1997.07.12"]
[EventType "swiss"]
[EventRounds "10"]
[EventCountry "CAN"]
[SourceTitle "EXT 2022"]
[Source "ChessBase"]
[SourceDate "2021.10.06"]
[SourceVersion "1"]
[SourceVersionDate "2021.10.06"]
[SourceQuality "1"]

1. e4 c5 2. Nf3 d6 3. Nc3 Nf6 4. Bb5+ Bd7 5. Qe2 Nc6 6. e5 Nxe5 7. Nxe5 dxe5 8. Qxe5 Qb6 9. Nd5 Nxd5 10. Bxd7+ Kxd7 11. Qxd5+ Ke8 12. O-O Rd8 13. Qf3 e6 14. b3 Be7 15. Re1 Bf6 16. Rb1 Ke7 17. Ba3 a5 18. Qh5 Rc8 19. Rbd1 Ke8 20. Kf1 Qc6 21. Rxe6+ Qxe6 22. Re1 Qxe1+ 23. Kxe1 b6 24. Qd5 Rc7 25. Bb2 Rd7 26. Qa8+ Bd8 27. Bxg7 Rg8 28. Bf6 Rg6 29. Bxd8 Rxd8 30. Qf3 Re6+ 31. Kd1 Red6 32. d3 Kf8 33. Qh5 Kg8 34. Qg5+ Kh8 35. Qe7 Kg8 36. h4 R8d7 37. Qe8+ Kg7 38. h5 Rd8 39. Qe5+ Kg8 40. h6 Rg6 41. g3 Rf8 42. Qf4 f5 43. Qc4+ Kh8 44. Qf4 Kg8 45. Qc4+ Kh8 46. Qf4 Kg8 47. Qc4+ 1/2-1/2

[Event "CAN-op"]
[Site "Winnipeg CAN"]
[Date "1997.07.18"]
[Round "8"]
[White "Sasikiran, Krishnan"]
[Black "Haessel, Dale"]
[Result "1/2-1/2"]
[WhiteElo "2430"]
[BlackElo "2250"]
[PlyCount "126"]
[GameId "2160767911932739"]
[EventDate "1997.07.12"]
[EventType "swiss"]
[EventRounds "10"]
[EventCountry "CAN"]
[SourceTitle "CBM 060 Extra"]
[Source "ChessBase"]
[SourceDate "1997.11.04"]
[SourceVersion "1"]
[SourceVersionDate "1997.11.04"]
[SourceQuality "1"]

1. d4 Nf6 2. Nf3 e6 3. Bg5 h6 4. Bh4 b6 5. Nbd2 Bb7 6. e3 Be7 7. c3 c5 8. h3 O-O 9. Bd3 d5 10. O-O Nbd7 11. Qb1 a5 12. a4 Rc8 13. Bg3 Ne4 14. Rd1 cxd4 15. exd4 Nd6 16. Ne5 Nf6 17. Bh4 Nfe4 18. Bxe7 Qxe7 19. f3 Ng3 20. Nf1 Ngf5 21. Rd2 Rc7 22. Qe1 Qg5 23. g3 Nc4 24. Re2 Nxe5 25. Rxe5 g6 26. g4 Nh4 27. Qg3 Qe7 28. f4 Kh8 29. Rae1 g5 30. Nh2 Qd8 31. fxg5 hxg5 32. Nf3 Nxf3+ 33. Qxf3 Bc8 34. R5e2 f6 35. Qg3 Kg7 36. Rh2 Rh8 37. h4 gxh4 38. Rxh4 Rxh4 39. Qxh4 Qh8 40. Qg3 Re7 41. g5 fxg5 42. Re5 Bd7 43. Rxg5+ Kf8 44. Qf4+ Rf7 45. Qb8+ Be8 46. Bb5 Re7 47. Qf4+ Bf7 48. Qb8+ Be8 49. Bxe8 Rxe8 50. Qxb6 Qh7 51. Qd6+ Re7 52. Qb8+ Kf7 53. Qf4+ Ke8 54. Qb8+ Kd7 55. Qb5+ Kd6 56. Qc5+ Kd7 57. Qb5+ Kd6 58. Qa6+ Kd7 59. b4 Rf7 60. Qb5+ Ke7 61. bxa5 Qh4 62. Qb4+ Kf6 63. Rg8 Qe1+ 1/2-1/2

[Event "CAN-op"]
[Site "Winnipeg CAN"]
[Date "1997.07.18"]
[Round "8"]
[White "Spraggett, Kevin"]
[Black "Nogueiras, Jesus"]
[Result "1-0"]
[WhiteElo "2575"]
[BlackElo "2535"]
[PlyCount "83"]
[GameId "2160767911932741"]
[EventDate "1997.07.12"]
[EventType "swiss"]
[EventRounds "10"]
[EventCountry "CAN"]
[SourceTitle "CBM 060 Extra"]
[Source "ChessBase"]
[SourceDate "1997.11.04"]
[SourceVersion "1"]
[SourceVersionDate "1997.11.04"]
[SourceQuality "1"]

1. e4 e6 2. d4 d5 3. Nc3 dxe4 4. Nxe4 Nd7 5. Bd3 Ngf6 6. Qe2 c5 7. Nxf6+ Nxf6 8. dxc5 Bxc5 9. Nf3 Qc7 10. O-O O-O 11. Bg5 b6 12. Rad1 Bb7 13. Bxf6 gxf6 14. Be4 Rfd8 15. Bxb7 Qxb7 16. a3 Rac8 17. c3 Qc7 18. Rfe1 Rxd1 19. Rxd1 Rd8 20. Rxd8+ Qxd8 21. Qd2 Qc7 22. Ne1 Qe5 23. h3 Qe4 24. Kf1 Qc4+ 25. Nd3 Bf8 26. Qe3 Bd6 27. Ke2 Kg7 28. Kd2 h6 29. f3 Qd5 30. g4 Kg6 31. Kc2 f5 32. gxf5+ Qxf5 33. f4 Kh5 34. Qg3 f6 35. Kd2 Qg6 36. Qf3+ Kh4 37. Qc6 Bxf4+ 38. Nxf4 Qg5 39. Qf3 e5 40. Qf2+ Qg3 41. Qxg3+ Kxg3 42. Nh5+ 1-0

[Event "CAN-op"]
[Site "Winnipeg CAN"]
[Date "1997.07.18"]
[Round "8"]
[White "Teodoro, Eduardo"]
[Black "Huber, Gregory"]
[Result "1/2-1/2"]
[WhiteElo "2350"]
[BlackElo "2260"]
[PlyCount "101"]
[GameId "2160767911932743"]
[EventDate "1997.07.12"]
[EventType "swiss"]
[EventRounds "10"]
[EventCountry "CAN"]
[SourceTitle "CBM 060 Extra"]
[Source "ChessBase"]
[SourceDate "1997.11.04"]
[SourceVersion "1"]
[SourceVersionDate "1997.11.04"]
[SourceQuality "1"]

1. e4 c5 2. Nf3 d6 3. d4 cxd4 4. Nxd4 Nf6 5. Nc3 a6 6. Be2 e6 7. O-O Nbd7 8. f4 b5 9. a3 Bb7 10. Bf3 Rc8 11. Qe1 Rc4 12. Be3 Qc7 13. Kh1 Rxc3 14. bxc3 Nxe4 15. Bg1 Ndf6 16. a4 bxa4 17. c4 Be7 18. Rxa4 O-O 19. f5 e5 20. Nb3 Rc8 21. Nd2 Nxd2 22. Bxb7 Qxb7 23. Qxd2 Qc6 24. Rfa1 h6 25. Qd3 d5 26. Qe2 dxc4 27. Qxe5 Bd6 28. Qd4 Qc7 29. Rd1 Be5 30. Qb6 Qxb6 31. Bxb6 Rc6 32. Rd8+ Kh7 33. Bd4 Ng4 34. h3 Bxd4 35. Rxd4 Ne5 36. Rb4 Rf6 37. Rd5 Rxf5 38. g4 Rf1+ 39. Kg2 Re1 40. Kf2 Re4 41. Ra4 f6 42. Rxa6 h5 43. g5 Kg6 44. gxf6 gxf6 45. Rdd6 Rf4+ 46. Ke3 Rf3+ 47. Kd4 h4 48. Re6 Kg5 49. Ke4 Rf4+ 50. Ke3 Rf3+ 51. Ke4 1/2-1/2

[Event "CAN-op"]
[Site "Winnipeg CAN"]
[Date "1997.07.18"]
[Round "8"]
[White "Vukadinov, Milan"]
[Black "Rasmussen, Barry"]
[Result "1-0"]
[WhiteElo "2396"]
[BlackElo "2240"]
[PlyCount "49"]
[GameId "2160767911932744"]
[EventDate "1997.07.12"]
[EventType "swiss"]
[EventRounds "10"]
[EventCountry "CAN"]
[SourceTitle "EXP 60"]
[Source "ChessBase"]
[SourceDate "1997.11.24"]
[SourceVersion "1"]
[SourceVersionDate "1997.11.24"]
[SourceQuality "1"]

1. d4 d5 2. c4 c6 3. Nf3 Nf6 4. Nc3 dxc4 5. a4 Bf5 6. Ne5 e6 7. f3 Bb4 8. Nxc4 Nd5 9. Bd2 Nb6 10. e3 c5 11. Nxb6 Qxb6 12. Bb5+ Nc6 13. a5 Bxa5 14. dxc5 Qc7 15. Qa4 O-O 16. Bxc6 Bxc3 17. Bxc3 bxc6 18. e4 Bg6 19. O-O Rab8 20. Rfd1 Rb5 21. Rd6 f6 22. Qc4 Bf7 23. e5 Rd8 24. Rxa7 Qb8 25. Qa4 1-0

[Event "CAN-op"]
[Site "Winnipeg CAN"]
[Date "1997.07.19"]
[Round "9"]
[White "Baquero, Luis"]
[Black "Gottlieb, Jonathan"]
[Result "1-0"]
[WhiteElo "2365"]
[BlackElo "2036"]
[PlyCount "72"]
[GameId "2160767911932745"]
[EventDate "1997.07.12"]
[EventType "swiss"]
[EventRounds "10"]
[EventCountry "CAN"]
[SourceTitle "EXP 60"]
[Source "ChessBase"]
[SourceDate "1997.11.24"]
[SourceVersion "1"]
[SourceVersionDate "1997.11.24"]
[SourceQuality "1"]

1. d4 Nf6 2. c4 c5 3. d5 e6 4. Nc3 exd5 5. cxd5 d6 6. e4 g6 7. Bd3 Bg7 8. h3 O-O 9. Nf3 Re8 10. O-O Na6 11. Re1 Nc7 12. a4 b6 13. Bf4 a6 14. Nd2 Nh5 15. Bh2 Qg5 16. Nf3 Qd8 17. Bc4 Bf8 18. e5 Bb7 19. g4 Ng7 20. Ne4 dxe5 21. Bxe5 Kh8 22. Bf6 Be7 23. Neg5 Bxd5 24. Bxd5 Qxd5 25. Rxe7 Rxe7 26. Bxe7 h6 27. Bd6 hxg5 28. Bxc7 Qc6 29. Be5 f6 30. Bg3 Ne6 31. Ra3 Rd8 32. Rd3 Rxd3 33. Qxd3 c4 34. Qe3 Kg7 35. Kh2 b5 36. axb5 axb5 1-0

[Event "CAN-op"]
[Site "Winnipeg CAN"]
[Date "1997.07.19"]
[Round "9"]
[White "Baragar, Fletcher"]
[Black "Murey, Jacob"]
[Result "0-1"]
[WhiteElo "2371"]
[BlackElo "2440"]
[PlyCount "74"]
[GameId "2160767911932746"]
[EventDate "1997.07.12"]
[EventType "swiss"]
[EventRounds "10"]
[EventCountry "CAN"]
[SourceTitle "EXP 60"]
[Source "ChessBase"]
[SourceDate "1997.11.24"]
[SourceVersion "1"]
[SourceVersionDate "1997.11.24"]
[SourceQuality "1"]

1. c4 g6 2. d4 Bg7 3. e4 d6 4. Nf3 Bg4 5. Be2 Nc6 6. Be3 e5 7. d5 Bxf3 8. Bxf3 Nd4 9. O-O Ne7 10. Nc3 O-O 11. Rc1 c5 12. a3 f5 13. b4 b6 14. Be2 fxe4 15. Nxe4 Nef5 16. Bg5 Qc7 17. Bg4 a5 18. bxc5 bxc5 19. Rb1 a4 20. Nc3 Rfb8 21. Rxb8+ Qxb8 22. Qd3 Qb3 23. Rb1 Qxa3 24. Bc1 e4 25. Bxa3 exd3 26. Rd1 Nc2 27. Nb5 Nfd4 28. Rxd3 Nxb5 29. cxb5 c4 30. Rh3 Nxa3 31. Rxa3 Bb2 32. Ra2 a3 33. Kf1 Rb8 34. Ke2 Rxb5 35. Be6+ Kg7 36. Kd2 g5 37. Kc2 Kf6 0-1